Online Catalogue and eLibrary

Marriage in Sri Lanka : (Record no. 334)

MARC details
000 -LEADER
fixed length control field 00515cam a2200193 a 4500
001 - CONTROL NUMBER
control field 254028
005 - DATE AND TIME OF LATEST TRANSACTION
control field 20240208023022.0
008 - FIXED-LENGTH DATA ELEMENTS--GENERAL INFORMATION
fixed length control field 990304s1999 ii b 001 0 eng
020 ## - INTERNATIONAL STANDARD BOOK NUMBER
ISBN 8170750482
040 ## - CATALOGING SOURCE (பட்டியலாக்க மூலம்)
Original cataloging agency DLC
Transcribing agency DLC
Modifying agency DLC
082 00 - DDC Classification
Class No. 306.8
DDC Edition Number 21
Item Number - Author Mark BRU.
100 1# - MAIN ENTRY--PERSONAL NAME
Personal name Caldwell, Bruce,
245 10 - TITLE STATEMENT
Title Marriage in Sri Lanka :
Remainder of title a century of change /
Statement of responsibility, etc. Bruce Caldwell.
260 ## - PUBLICATION, DISTRIBUTION, ETC.
Place of publication, distribution, etc. New Delhi :
Name of publisher, distributor, etc. Hindustan Pub. Corp.,
Date of publication, distribution, etc. 1999.
300 ## - PHYSICAL DESCRIPTION
Extent (e.g. Volumes, Pages etc.) xvi, 233 p. ;
650 #0 - SUBJECT ADDED ENTRY--TOPICAL TERM
Topical term or geographic name entry element Marriage
650 #0 - SUBJECT ADDED ENTRY--TOPICAL TERM
Topical term or geographic name entry element Social change
942 ## - Koha item type (Biblio)
Koha item type Books in Stacks (Lending)
Holdings
Lost status Damaged status Collection code Home library Current library Date acquired Full call number Accession Number Item type
    Lending WERC Library WERC Library 02/08/2024 306.8 BRU. 2746 Books in Stacks (Lending)

© WERC Library